[Event "ISR-ch U08/18"]
[Site "Savyon"]
[Date "2022.04.10"]
[Round "4"]
[White "David, Idan"]
[Black "Glik, Mike"]
[Result "1-0"]
[WhiteElo "1253"]
[BlackElo "1236"]
[PlyCount "123"]
[EventDate "2022.04.06"]
[EventType "swiss"]
[EventRounds "9"]
[EventCountry "ISR"]
[SourceTitle "EXT 2023"]
[Source "ChessBase"]
[SourceDate "2022.10.05"]
[SourceVersion "1"]
[SourceVersionDate "2022.10.05"]
[SourceQuality "1"]

1. d4 d5 2. Nf3 Nf6 3. Bf4 c5 4. e3 Nc6 5. Nbd2 cxd4 6. exd4 Bf5 7. c3 e6 8. Qb3 Na5 9. Qb5+ Nc6 10. Qxb7 Qc8 11. Ba6 e5 12. Qxc8+ Bxc8 13. Bb5 Bd7 14. Bxc6 Bxc6 15. Nxe5 Bd7 16. Nxd7 Kxd7 17. 0-0 Bd6 18. Bxd6 Kxd6 19. Nf3 h6 20. Ne5 Rhf8 21. Rfe1 Nd7 22. Nxd7 Kxd7 23. Re5 Kd6 24. Rae1 Rab8 25. R1e2 g6 26. g3 Rb7 27. f4 Rfb8 28. b3 Rc8 29. Rc2 f6 30. Re3 Re7 31. Rce2 Re4 32. Rxe4 dxe4 33. c4 f5 34. Kf2 a5 35. Rc2 Kc6 36. Ke3 Rd8 37. g4 Rg8 38. Rg2 g5 39. Rg3 Rf8 40. gxf5 Rxf5 41. fxg5 hxg5 42. Kxe4 Rf4+ 43. Ke3 Rf5 44. Ke4 Rf4+ 45. Ke5 Rf2 46. Rxg5 Rxh2 47. Rg6+ Kd7 48. a4 Rh3 49. Rb6 Kc7 50. Rb5 Kc6 51. d5+ Kd7 52. Rxa5 Rxb3 53. Rb5 Re3+ 54. Kd4 Rh3 55. a5 Rh4+ 56. Kc5 Rh8 57. a6 Ra8 58. Rb7+ Kc8 59. Kb6 Rb8 60. Rxb8+ Kxb8 61. a7+ Ka8 62. Kc7 1-0